Zelená dolina /

Hlavní autor: Antonov, Sergej Petrovič, 1915-1995
Další autoři: Adamcová, Jiřina, 1927-2019, Slabihoudová, Naděžda, 1922-2014
Jazyk: Čeština
Vydáno: Praha : Svět sovětů, 1956
Vydání: 1. vydání
Fyzický popis: 100 stran : ilustrace ; 21 cm
Knihy
Uloženo v:
LEADER 01341nam a22003372i 4500
001 001562331
003 CZ BrMZK
005 20170127134939.0
007 ta
008 170127s1956 xr f er|||||||||||cze d
015 |a cnb000229503 
035 |a (OCoLC)85168758 
040 |a ABA001  |b cze  |d BOA001  |e rda 
041 1 |a cze  |h rus 
100 1 |a Antonov, Sergej Petrovič,  |d 1915-1995  |7 jn19990210051  |4 aut 
240 1 0 |a Izbrannoje.  |l Česky 
245 1 0 |a Zelená dolina /  |c Sergej Petrovič Antonov ; z ruského originálu Izbrannoje přeložila Naděžda Slabihoudová ; ilustrace Jiřina Adamcová 
250 |a 1. vydání 
264 1 |a Praha :  |b Svět sovětů,  |c 1956 
300 |a 100 stran :  |b ilustrace ;  |c 21 cm 
336 |a text  |b txt  |2 rdacontent 
337 |a bez média  |b n  |2 rdamedia 
338 |a svazek  |b nc  |2 rdacarrier 
700 1 |a Adamcová, Jiřina,  |d 1927-2019  |7 jn19990209002  |4 ill 
700 1 |a Slabihoudová, Naděžda,  |d 1922-2014  |7 jk01111691  |4 trl 
910 |a BOA001  |b 2-0355.544 
990 |a BK 
991 |b 201701 
996 7 |b 2618938746  |c 2-0355.544  |l MZK  |r Sklad / do 24 hodin  |n 0  |w 001597628  |u 000010  |a 1  |e BOA001  |j MZK50  |s A 
996 7 |b 2618938747  |c 2-0355.544  |l MZK  |r Sklad / do 24 hodin  |n 0  |w 001597628  |u 000030  |a 1  |e BOA001  |j MZK50  |s A 
996 6 |b 2618938748  |c 2-0355.544  |l MZK  |r Sklad / do 24 hodin  |n 0  |w 001597628  |u 000020  |a 1  |e BOA001  |j MZK50  |s P